<?xml version="1.0" encoding="UTF-8"?>
<record
    xmlns:xsi="http://www.w3.org/2001/XMLSchema-instance"
    xsi:schemaLocation="http://www.loc.gov/MARC21/slim http://www.loc.gov/standards/marcxml/schema/MARC21slim.xsd"
    xmlns="http://www.loc.gov/MARC21/slim">

  <leader>02503    a2200217   4500</leader>
  <controlfield tag="001">45867</controlfield>
  <controlfield tag="005">20260407155730.0</controlfield>
  <controlfield tag="008">260407a1996    arg                 spa d</controlfield>
  <controlfield tag="003">AR-UNSa-BCEJYS</controlfield>
  <datafield tag="040" ind1=" " ind2=" ">
    <subfield code="a">AR-UNSa-BCEJYS</subfield>
    <subfield code="b">spa</subfield>
    <subfield code="c">AR-UNSa-BCEJYS</subfield>
  </datafield>
  <datafield tag="080" ind1=" " ind2=" ">
    <subfield code="a">321.7</subfield>
    <subfield code="x">Democracia</subfield>
  </datafield>
  <datafield tag="245" ind1="1" ind2="0">
    <subfield code="a">Hacer la democracia</subfield>
  </datafield>
  <datafield tag="020" ind1=" " ind2=" ">
    <subfield code="a">950-9385-67-0</subfield>
  </datafield>
  <datafield tag="264" ind1=" " ind2="1">
    <subfield code="a">Buenos Aires :</subfield>
    <subfield code="b">Ciudad Argentina</subfield>
    <subfield code="c">1996</subfield>
  </datafield>
  <datafield tag="300" ind1=" " ind2=" ">
    <subfield code="a">430 p.</subfield>
    <subfield code="c">20 cm.</subfield>
  </datafield>
  <datafield tag="505" ind1=" " ind2=" ">
    <subfield code="a">1. Democracia y justicia social. Consideraci&#xF3;n te&#xF3;ricas y una visi&#xF3;n sobre la realidad argentina / Eduardo Barbarosh &#x2013; 2. La democracia y el derecho constitucional &#x201C;humanitario&#x201D; / Germ&#xE1;n J. Bidart Campos &#x2013; 3. El conocimiento de la Constituci&#xF3;n y la democracia. Estado actual y proyecci&#xF3;n futura / Alberto Castells &#x2013; 4. &#xBF;Los mitos de la democracia, hacen de la democracia un mito? / Liliana Beatriz Constante &#x2013; 5. El nudo en la soga (Una introducci&#xF3;n a la teor&#xED;a democr&#xE1;tica) / An&#xED;bal A. D&#xB4;Aur&#xED;a &#x2013; 6. Democracia y mundializaci&#xF3;n / Alicia Noem&#xED; Farianati &#x2013; 7. Una interpretaci&#xF3;n axiol&#xF3;gica de la democracia / Gustavo Fondevila &#x2013; 8. Los derechos humanos en el marco de un ethos democr&#xE1;tico / Silvia Cristina Gabriel &#x2013; 9. La democracia como valor cultural. Incidencia en la gobernabilidad / Elvira Luc&#xED;a Gargalione &#x2013; 10. Democracia y derechos humanos. Apuntes sobre su necesaria vinculaci&#xF3;n en el sistema interamericano / Hortensia Guti&#xE9;rrez Posse &#x2013; 11. Los l&#xED;mites de la democracia. Los principios del control / Gustavo Adri&#xE1;n Herbel &#x2013; 12. Condiciones sociales para una democracia estable / Ana Kunz &#x2013; 13. La democracia y el arbitraje / Hebe Leonardi de Hebr&#xF3;n &#x2013; Sara Feldstein de C&#xE1;rdenas &#x2013; 14. Las teor&#xED;as y su influencia pol&#xED;tica y socio-jur&#xED;dica en los problemas de la democracia / Enrique E. Mar&#xED; &#x2013; 15. Republica o democracia en la reforma (a prop&#xF3;sito de una carta) / Tulio Ortiz &#x2013; 16. La democracia querida y la democracia real / Arturo Pellet Lastra &#x2013; 16. El esp&#xED;ritu de la democracia y su destino. Sobre la circularidad de las formas de &#xE9;lite en la Argentina / Marcelo Sergio Raffin &#x2013; 17. Sobre la democracia, la desigualdad y el Estado / Beatriz Rajland &#x2013; 18. Dimensiones econ&#xF3;micas de la sociedad y la democracia / H&#xE9;ctor Sandler &#x2013; 19. El derecho a la informaci&#xF3;n ambiental. Participaci&#xF3;n al individuo en la tutela del ambiente / Florencia Mariana Valls.</subfield>
  </datafield>
  <datafield tag="041" ind1=" " ind2=" ">
    <subfield code="a">spa</subfield>
  </datafield>
  <datafield tag="942" ind1=" " ind2=" ">
    <subfield code="c">BK</subfield>
  </datafield>
  <datafield tag="590" ind1=" " ind2=" ">
    <subfield code="a">niveau_biblio:m niveau_hierar:0</subfield>
  </datafield>
  <datafield tag="100" ind1="1" ind2=" ">
    <subfield code="a">Sandler, H&#xE9;ctor Ra&#xFA;l</subfield>
  </datafield>
  <datafield tag="999" ind1=" " ind2=" ">
    <subfield code="c">4036</subfield>
    <subfield code="d">4036</subfield>
  </datafield>
  <datafield tag="952" ind1=" " ind2=" ">
    <subfield code="0">0</subfield>
    <subfield code="1">0</subfield>
    <subfield code="4">0</subfield>
    <subfield code="7">0</subfield>
    <subfield code="a">BCEJYS</subfield>
    <subfield code="b">BCEJYS</subfield>
    <subfield code="c">16</subfield>
    <subfield code="d">2026-04-07</subfield>
    <subfield code="l">0</subfield>
    <subfield code="o">321.7 S213</subfield>
    <subfield code="p">L117134</subfield>
    <subfield code="r">2026-04-07 15:57:30</subfield>
    <subfield code="w">2026-04-07</subfield>
    <subfield code="y">L</subfield>
  </datafield>
  <datafield tag="952" ind1=" " ind2=" ">
    <subfield code="0">0</subfield>
    <subfield code="1">0</subfield>
    <subfield code="4">0</subfield>
    <subfield code="7">0</subfield>
    <subfield code="a">BCEJYS</subfield>
    <subfield code="b">BCEJYS</subfield>
    <subfield code="c">16</subfield>
    <subfield code="d">2026-04-07</subfield>
    <subfield code="l">0</subfield>
    <subfield code="o">321.7 S213</subfield>
    <subfield code="p">L117133</subfield>
    <subfield code="r">2026-04-07 15:57:30</subfield>
    <subfield code="w">2026-04-07</subfield>
    <subfield code="y">L</subfield>
  </datafield>
  <datafield tag="952" ind1=" " ind2=" ">
    <subfield code="0">0</subfield>
    <subfield code="1">0</subfield>
    <subfield code="4">0</subfield>
    <subfield code="7">0</subfield>
    <subfield code="a">BCEJYS</subfield>
    <subfield code="b">BCEJYS</subfield>
    <subfield code="c">16</subfield>
    <subfield code="d">2026-04-07</subfield>
    <subfield code="l">0</subfield>
    <subfield code="o">321.7 S213</subfield>
    <subfield code="p">L86733</subfield>
    <subfield code="r">2026-04-07 15:57:30</subfield>
    <subfield code="w">2026-04-07</subfield>
    <subfield code="y">L</subfield>
  </datafield>
</record>
